• 首页
  • 本馆介绍
  • 公告通知
  • 最新文献
  • 馆藏检索
  • 电子资源
  • 读者导购
  • 参考咨询
  • 我的图书馆
  • 登录
  • 详细信息显示
  • 放入我的书架
  • 预约/预借图书
  • 作者相关作品
  • 分类相关作品
  • 丛书相关作品
  • 出版社相关作品

书目信息

  • 表格格式
  • 工作单格式
  • 卡片格式
题名:
工业布局与环境经济学
    
 
作者: 陈栋生 著
分册:  
出版信息: 贵阳   贵州人民出版社  1984
页数: 110页
开本: 19cm
丛书名:
单 册:
中图分类: F424.1
科图分类:
主题词: 工业布局--中国 , 环境经济学--中国
电子资源:
ISBN:
000 00647nam0 2200241 45
001 0184013460
005 20060808173317.34
010    @dCNY0.37
091    @aCN@b4115.150
100    @a19950228d1984 em y0chiy0121 ea
101 0  @achi
102    @aCN@b520000
105    @ay z 000yy
200 10 @a工业布局与环境经济学@Agong ye bu ju yu huan jing jing ji xue@f陈栋生著
210    @a贵阳@c贵州人民出版社@d1984
215    @a110页@d19cm
606    @a工业布局@y中国
606    @a环境经济学@y中国
690    @aF424.1@v3
701  0 @a陈栋生@Achen dong sheng@4著
801  2 @aCN@bNLC@c20060808
801  0 @aCN@bTSSF
905    @a10447@dF424.1@e59
    
    工业布局与环境经济学/陈栋生著.-贵阳:贵州人民出版社,1984
    110页;19cm
    
    
    ISBN :CNY0.37
    
●
相关链接 在E读中查询图书 在五车中查询图书 在当当中查询图书 在豆瓣中查询图书


正题名:工业布局与环境经济学     索取号:F424.1/59         预约/预借

序号 登录号 条形码 馆藏地/架位号 状态 备注
1 0447547   204475479   密集书库/ [索取号:F424.1/59] 在馆    
2 0447548   204475488   密集书库/ [索取号:F424.1/59] 在馆    
唐山师范学院图书馆 欢迎您!
大连网信软件有限公司© 版权所有